LEADER 01085nam a2200253 i 4500 001 000000227617 003 CaOOAMICUS 005 20251202101254.0 008 140303s1969 it u000 u ita u 020 $a88-05-05349-X 040 $aSeMil$bita 100 1 $aFrossard, André,$d<1915-1995>.$0(OLS)http://semarc/name/90400 240 10$aDieu existe, je L'ai rencontré.$0(OLS)http://semarc/title/69981 245 10$aDio esiste, io l'ho incontrato /$cAndré Frossard. 260 $aTorino :$bSocietà Editrice Internazionale,$c1993. 300 $a151 p. ;$c19 cm. 650 4$aFrossard, André - Conversione religiosa.$0(OLS)http://semarc/subject/59133 850 $aSeMil 852 $aSeMil$W1$xVenegono$y1$m2C VII 107$j265047$B177963$CSeMilBibl$Z2$F189311 $81 961 $aOmaggio: Castiglioni don Tommaso 996 $6020$a88-05-05349-X$9(OLS)http://semarc/number/229318 996 $6245$aDio esiste, io l'ho incontrato$9(OLS)http://semarc/title/325743 996 $6260$aTorino :$bSocietà Editrice Internazionale$9(OLS)http://semarc/publisher/29847